| 000 | 00370 a2200157 4500 | ||
|---|---|---|---|
| 001 | 155539 | ||
| 040 | _cEscola São Tomás de Aquino | ||
| 100 | _aMAGALHÃES, Thereza Cochar | ||
| 240 | 1 | 0 |
_aInterpretação de textos _lpor |
| 245 | 1 | 0 | _aInterpretação de textos |
| 300 | _a224 | ||
| 362 | 0 | _a2009 | |
| 440 | 1 | _aAtual | |
| 697 | _aLíngua portuguesa | ||
| 942 | _cBK | ||
| 999 |
_c155539 _d155539 |
||